Digital design: basic concepts and principles (Record no. 11689)

000 -LEADER
fixed length control field 01333cam a2200337 a 4500
001 - CONTROL NUMBER
control field 14855038
005 - DATE AND TIME OF LATEST TRANSACTION
control field 20170105102346.0
008 - FIXED-LENGTH DATA ELEMENTS--GENERAL INFORMATION
fixed length control field 070518s2008 flua b 001 0 eng
010 ## - LIBRARY OF CONGRESS CONTROL NUMBER
LC control number 2007020768
015 ## - NATIONAL BIBLIOGRAPHY NUMBER
National bibliography number GBA795183
Source bnb
016 7# - NATIONAL BIBLIOGRAPHIC AGENCY CONTROL NUMBER
Record control number 014407706
Source Uk
020 ## - INTERNATIONAL STANDARD BOOK NUMBER
International Standard Book Number 9781420061314
020 ## - INTERNATIONAL STANDARD BOOK NUMBER
International Standard Book Number 1420061313
035 ## - SYSTEM CONTROL NUMBER
System control number (OCoLC)ocn132681490
040 ## - CATALOGING SOURCE
Original cataloging agency DLC
Transcribing agency DLC
Modifying agency BTCTA
-- BAKER
-- UKM
-- C#P
-- YDXCP
-- DLC
050 00 - LIBRARY OF CONGRESS CALL NUMBER
Classification number TK7868.D5
Item number K365 2008
082 00 - DEWEY DECIMAL CLASSIFICATION NUMBER
Classification number 621.381
Edition number 22
100 1# - MAIN ENTRY--PERSONAL NAME
Personal name Karim, Mohammad A.
245 10 - TITLE STATEMENT
Title Digital design: basic concepts and principles
Remainder of title basic concepts and principles
Statement of responsibility, etc. Mohammad A. Karim, Xinghao Chen.
260 ## - PUBLICATION, DISTRIBUTION, ETC.
Place of publication, distribution, etc. Boca Raton, FL :
Name of publisher, distributor, etc. CRC Press/Taylor & Francis,
Date of publication, distribution, etc. c2008.
300 ## - PHYSICAL DESCRIPTION
Extent xiii, 490p. :
Other physical details ill. ;
Dimensions 27 cm.
504 ## - BIBLIOGRAPHY, ETC. NOTE
Bibliography, etc. note Includes bibliographical references and index.
650 #0 - SUBJECT ADDED ENTRY--TOPICAL TERM
Topical term or geographic name entry element Digital electronics.
650 #0 - SUBJECT ADDED ENTRY--TOPICAL TERM
Topical term or geographic name entry element Logic design.
700 1# - ADDED ENTRY--PERSONAL NAME
Personal name Chen, Xinghao,
Dates associated with a name 1957-
856 41 - ELECTRONIC LOCATION AND ACCESS
Materials specified Table of contents only
Uniform Resource Identifier <a href="http://www.loc.gov/catdir/toc/ecip0718/2007020768.html">http://www.loc.gov/catdir/toc/ecip0718/2007020768.html</a>
856 42 - ELECTRONIC LOCATION AND ACCESS
Materials specified Publisher description
Uniform Resource Identifier <a href="http://www.loc.gov/catdir/enhancements/fy0727/2007020768-d.html">http://www.loc.gov/catdir/enhancements/fy0727/2007020768-d.html</a>
906 ## - LOCAL DATA ELEMENT F, LDF (RLIN)
a 7
b cbc
c orignew
d 1
e ecip
f 20
g y-gencatlg
942 ## - ADDED ENTRY ELEMENTS (KOHA)
Source of classification or shelving scheme
Koha item type Book
Holdings
Withdrawn status Lost status Damaged status Not for loan Collection code Permanent Location Current Location Shelving location Date acquired Source of acquisition Cost, normal purchase price Total Checkouts Full call number Barcode Date last seen Date last checked out Price effective from Koha item type
          Central Library (CL) Central Library (CL) General Stacks 04/09/2013 Multi-Line Books 8830.31 4 621.381 KAR SEECS012200 06/13/2022 10/24/2019 01/05/2017 Book
© 2023 Central Library, National University of Sciences and Technology. All Rights Reserved.